DESIGN ENGINEERING PROJRECT MANAGEMENT, A REFERENCE (Record no. 574938)
[ view plain ]
| 000 -LEADER | |
|---|---|
| fixed length control field | 00309nam a22001217a 4500 |
| 020 ## - INTERNATIONAL STANDARD BOOK NUMBER | |
| International Standard Book Number | 87762-387-2 |
| 082 ## - DEWEY DECIMAL CLASSIFICATION NUMBER | |
| Classification number | 658.404 HIL'D |
| 100 ## - MAIN ENTRY--PERSONAL NAME | |
| Personal name | HILTON, JOSEPH R |
| 9 (RLIN) | 67088 |
| 245 ## - TITLE STATEMENT | |
| Title | DESIGN ENGINEERING PROJRECT MANAGEMENT, A REFERENCE |
| 260 ## - PUBLICATION, DISTRIBUTION, ETC. | |
| Place of publication, distribution, etc. | PENNSYLVANIA |
| Name of publisher, distributor, etc. | TECHNOMIC |
| Date of publication, distribution, etc. | 1985 |
| 300 ## - PHYSICAL DESCRIPTION | |
| Extent | 133P |
| 942 ## - ADDED ENTRY ELEMENTS (KOHA) | |
| Koha item type | Book |
| Withdrawn status | Lost status | Damaged status | Not for loan | Permanent Location | Current Location | Shelving location | Date acquired | Total Checkouts | Full call number | Barcode | Date last seen | Price effective from | Koha item type |
|---|---|---|---|---|---|---|---|---|---|---|---|---|---|
| College of Electrical & Mechanical Engineering (CEME) | College of Electrical & Mechanical Engineering (CEME) | General Stacks | 08/01/2017 | 658.404 HIL'D | CEME-27388 | 06/28/2021 | 06/28/2021 | Book |
